[Event "Cto. Autonómico por Equipos 2007"]
[Site "Aragón"]
[Date "2007.03.24"]
[Round "9.55"]
[White "Carraminana Lopez Luis Antonio"]
[Black "Labrador FM"]
[Result "1-0"]
[WhiteElo "1967"]
[BlackElo "2005"]

1.e4 e6 2.d4 d5 3.Nd2 Nf6 4.e5 Nfd7 5.Ngf3 c5 6.c3 Nc6 7.Bd3 cxd4 8.cxd4 f6 9.
exf6 Nxf6 10.b3 Bd6 11.Bb2 O-O 12.O-O Bd7 13.Ne5 Rc8 14.Ndf3 Nb4 15.Re1 Nxd3
16.Qxd3 a6 17.Ng5 h6 18.Nxd7 Qxd7 19.Nxe6 Rf7 20.Qg6 Ne4 21.Rxe4 dxe4 22.d5
Rc2 23.Bxg7 Rxg7 24.Nxg7 Bxh2+ 25.Kxh2 Qxg7 26.Qxe4 Rxf2 27.Rc1 Rf8 28.d6 Qg5
29.Qe6+ Kh8 30.Rc7 Qh4+ 31.Qh3 Qxh3+ 32.Kxh3 Rd8 33.d7 Kg7 34.Rxb7 Kf7 35.Rb6
Rxd7 36.Rxa6 Kg7 37.b4 Rd3+ 38.g3 h5 39.a4 1-0

[Event "Cto. Autonómico por Equipos 2007"]
[Site "Aragón"]
[Date "2007.03.24"]
[Round "9.56"]
[White "Martin Barbero Roberto"]
[Black "Garcia Lopez Alberto J"]
[Result "1-0"]
[WhiteElo "1959"]
[BlackElo "1965"]

1.Nf3 Nf6 2.g3 g6 3.Bg2 Bg7 4.O-O O-O 5.d4 d6 6.c4 c6 7.Nc3 Nbd7 8.e4 e5 9.h3
Qe7 10.Re1 Re8 11.Be3 Rb8 $2 (11...exd4) 12.dxe5 (12.c5 $1 exd4 (12...dxc5 $2
13.dxe5 Nh5 (13...Nxe5 $4 14.Nxe5 Qxe5 15.Bf4) 14.g4) (12...Qf8 13.cxd6 exd4
14.Nxd4 $5 (14.Bxd4 c5 15.Bxf6 Bxf6 16.e5 Nxe5 (16...Bxe5 17.Nxe5 Nxe5 18.Nd5
Qxd6 19.f4) 17.Nxe5 Bxe5 18.d7) 14...Qxd6 15.f4 Qb4 16.e5) 13.cxd6 Qxd6 14.
Bxd4) 12...dxe5 13.Bxa7 Ra8 14.Be3 Nc5 15.Qc2 Nh5 16.Nd2 f5 17.exf5 gxf5 18.
Qd1 $2 Nf6 19.Nf3 $2 (19.Nb3) 19...e4 $1 20.Nh2 $2 Nd3 21.Re2 Qb4 (21...Be6
22.b3 Nd7 $1 (22...Qb4)) 22.Qc2 Qxc4 23.Rd2 Nd5 $1 24.Nxd5 cxd5 25.Qd1 Nxb2 (
25...d4) 26.Qh5 Nd3 $4 (26...Be6) 27.Qxe8+ Bf8 28.Bh6 Qc5 29.Rxd3 exd3 30.
Bxd5+ Kh8 31.Qf7 Be6 32.Qf6+ 1-0

[Event "Cto. Autonómico por Equipos 2007"]
[Site "Aragón"]
[Date "2007.03.24"]
[Round "9.57"]
[White "Cantin Zaborras Valentin"]
[Black "Gracia Suarez Jesus"]
[Result "1-0"]
[WhiteElo "2125"]
[BlackElo "2129"]

1.e4 c5 2.Nf3 d6 3.d4 cxd4 4.Nxd4 Nf6 5.Nc3 Nc6 6.f4 e5 7.Nf3 Be7 8.Bc4 O-O 9.
O-O exf4 10.Bxf4 Qb6+ 11.Kh1 Qxb2 12.Nd5 Nxd5 13.exd5 Ne5 14.Bxe5 dxe5 15.d6
Bf6 16.d7 Bxd7 17.Qxd7 e4 18.Ng1 Qb4 19.Rxf6 gxf6 20.Qg4+ Kh8 21.Qxe4 Rac8 22.
Bd3 Qxe4 23.Bxe4 Rfe8 24.Bd3 Rc3 25.Nf3 b6 26.Kg1 Ra3 27.Kf2 Rc8 28.Nd4 Ra4
29.Nf5 Rc5 30.g3 Rca5 31.Kf3 Rxa2 32.Rg1 Ra1 33.Rg2 R1a3 34.g4 h5 35.Nd6 Rd5
36.Nc4 Ra4 37.gxh5 Rxh5 38.Nd6 Rh3+ 39.Ke2 Rxd3 40.Nxf7+ Kh7 41.Kxd3 Rf4 42.c4
Rf5 43.Nd6 Rf1 44.Ke4 Rd1 45.Nf5 Re1+ 46.Kd3 Re5 47.Ne3 b5 48.cxb5 Rxb5 49.Ke4
a5 50.Nd5 f5+ 51.Ke5 a4 52.Ke6 a3 53.Ra2 Rb2 54.Rxa3 Rxh2 55.Rg3 Re2+ 56.Kf7
Kh6 57.Rg6+ Kh7 58.Nf6+ 1-0

[Event "Cto. Autonómico por Equipos 2007"]
[Site "Aragón"]
[Date "2007.03.24"]
[Round "9.58"]
[White "Brosa Soto Jesus"]
[Black "Valiente Roy Jose Javier"]
[Result "0-1"]
[WhiteElo "2127"]
[BlackElo "2079"]

1.d4 d5 2.Nf3 e6 3.Bg5 Be7 4.Bxe7 Qxe7 5.c3 Nf6 6.Nbd2 O-O 7.e3 b6 8.Bd3 Bb7
9.Qc2 Nbd7 10.Ne5 c5 11.O-O c4 12.Nxd7 Qxd7 13.Be2 b5 14.f4 Qe7 15.g4 Bc6 16.
g5 Ne8 17.Nf3 Nd6 18.Ne5 Be8 19.Rf3 Ne4 20.Rh3 f6 21.gxf6 gxf6 22.Ng4 Qg7 23.
Kf1 Bg6 24.Qd1 Kh8 25.Bf3 Bf5 26.Rh4 Rg8 27.h3 Rab8 28.Qe1 e5 29.Bxe4 Bxe4 30.
Ke2 exf4 31.exf4 f5 32.Ne3 b4 33.Kd2 bxc3+ 34.Kxc3 Qe7 35.a3 Rb3+ 0-1

[Event "Cto. Autonómico por Equipos 2007"]
[Site "Aragón"]
[Date "2007.03.24"]
[Round "9.59"]
[White "Gutierrez Barrachina Jose A"]
[Black "Glaria Tevar Salvador"]
[Result "1-0"]
[WhiteElo "1983"]
[BlackElo "1936"]

1.e4 e6 2.d4 a6 3.Nf3 b5 4.Bd3 Bb7 5.O-O c5 6.c3 Nf6 7.Bg5 Qc7 8.Nbd2 d6 9.Re1
e5 10.a4 bxa4 11.dxe5 dxe5 12.Nc4 Nbd7 13.Qxa4 Bc6 14.Qa5 Bd6 15.Nxd6+ Qxd6
16.Rad1 Qb8 17.Bxf6 gxf6 18.Nh4 Bb5 19.c4 Bc6 20.Nf5 Rg8 21.Bc2 Ra7 22.Rd6 Qc7
23.Qd2 Rg6 24.h4 Nb6 25.Rd1 Bd7 26.b3 Bxf5 27.exf5 Rg4 28.Rc6 Qb8 29.Qa5 Nd7
30.g3 Rd4 31.Rxa6 Rxa6 32.Qxa6 Ke7 33.Qc6 Qb4 34.Rxd4 Qe1+ 35.Kg2 exd4 36.Qe4+
Qxe4+ 37.Bxe4 Kd6 38.f4 Nb8 39.Kf2 Na6 40.Ke2 Nc7 41.Kd2 Ne8 42.Bd5 Kc7 43.Kd3
Nd6 44.g4 h6 45.b4 Kb6 46.b5 1-0

[Event "Cto. Autonómico por Equipos 2007"]
[Site "Aragón"]
[Date "2007.03.24"]
[Round "9.60"]
[White "Serrano San Nicolas Angel"]
[Black "Sanmartin Agustin Alvaro"]
[Result "1-0"]
[WhiteElo "1851"]
[BlackElo "1805"]

1.e4 c5 2.Nf3 d6 3.b4 cxb4 4.d4 Nf6 5.Bd3 Bg4 6.h3 Bh5 7.c3 Nc6 8.d5 Ne5 9.
Nxe5 Qa5 10.Nf3 bxc3 11.O-O Rc8 12.Na3 a6 13.Nc4 Qc7 14.a4 Nxe4 15.Bxe4 Qxc4
16.Bd3 Qc7 17.Be3 f6 18.a5 Bf7 19.Bf5 c2 20.Qd4 Qc4 21.Bxc8 Qxc8 22.Rac1 e5
23.dxe6 Bxe6 24.Qa4+ 1-0

[Event "Cto. Autonómico por Equipos 2007"]
[Site "Aragón"]
[Date "2007.03.24"]
[Round "9.61"]
[White "Mimbela Luis"]
[Black "Peris Gerardo"]
[Result "1-0"]
[WhiteElo "2174"]
[BlackElo "1899"]

1.d4 Nf6 2.Nf3 g6 3.Nc3 Bg7 4.e4 O-O 5.e5 Ne8 6.h4 d6 7.h5 Nc6 8.hxg6 hxg6 9.
Bh6 dxe5 10.Bxg7 Nxg7 11.d5 e4 12.Ng5 Nb4 13.a3 Na6 14.Qd2 Bf5 15.Nh7 f6 16.
Nxf8 Qxf8 17.O-O-O Ne8 18.Be2 Nc5 19.g4 Bc8 20.Rh6 Qg7 21.Rdh1 g5 22.Qe3 1-0

[Event "Cto. Autonómico por Equipos 2007"]
[Site "Aragón"]
[Date "2007.03.24"]
[Round "9.62"]
[White "Lara Pueyo Felix"]
[Black "Sicilia Manuel"]
[Result "0-1"]
[WhiteElo "2144"]
[BlackElo "1875"]

1.e4 g6 2.d4 d6 3.f4 Nd7 4.Nf3 Bg7 5.Bc4 c6 6.Bxf7+ Kxf7 7.Ng5+ Ke8 8.Ne6 Qb6
9.Nxg7+ Kf7 10.Ne6 Kxe6 11.f5+ Kf7 12.fxg6+ hxg6 13.O-O+ Kg7 14.Be3 Ngf6 15.
Qf3 Qxb2 16.Nd2 Qb5 17.g4 Ne5 18.dxe5 Qxe5 19.Bf4 Qc5+ 20.Be3 Bxg4 21.Bxc5
Bxf3 22.e5 Nd7 23.Nxf3 Nxc5 24.e6 Raf8 25.Ng5 Rf5 0-1

[Event "Cto. Autonómico por Equipos 2007"]
[Site "Aragón"]
[Date "2007.03.24"]
[Round "9.63"]
[White "Garcia Estruch Jorge"]
[Black "Aspas Aspas Mariano"]
[Result "1/2-1/2"]
[WhiteElo "1964"]
[BlackElo "1676"]

1.e4 e5 2.Nf3 Nc6 3.Bb5 a6 4.Ba4 Nf6 5.O-O Be7 6.Re1 b5 7.Bb3 d6 8.c3 O-O 9.d3
Bg4 10.Bg5 b4 11.h3 bxc3 12.bxc3 Bh5 13.Bxf6 Bxf6 14.Bd5 Bxf3 15.gxf3 Ne7 16.
Bxa8 Qxa8 17.f4 exf4 18.Qg4 Ng6 19.d4 Qc6 20.Qf3 Rb8 21.Nd2 Nh4 22.Qd3 h6 23.
Rab1 Rb5 24.Rxb5 axb5 25.Rb1 Qe8 26.Rxb5 g6 27.Qb1 Qc6 28.Qb3 Qd7 29.Rb8+ Kg7
30.Kh2 Bg5 31.f3 Qe7 32.Qb7 Qe6 33.d5 Nxf3+ 34.Nxf3 Qxe4 35.Qc8 Qe2+ 36.Kg1
Qe3+ 37.Kg2 Qe2+ 1/2-1/2

[Event "Cto. Autonómico por Equipos 2007"]
[Site "Aragón"]
[Date "2007.03.24"]
[Round "9.64"]
[White "Casanova Gabriel"]
[Black "Martin Fernando"]
[Result "0-1"]
[WhiteElo "1669"]
[BlackElo "1900"]

1.e4 c5 2.Nf3 Nc6 3.d4 cxd4 4.Nxd4 Nf6 5.Nc3 e5 6.Nf3 Bb4 7.Bd2 Bxc3 8.Bxc3
Nxe4 9.Bxe5 Nxe5 10.Nxe5 Qa5+ 11.c3 Qxe5 12.Qe2 d6 13.O-O-O O-O 14.Re1 Qf4+
15.Kb1 Nxf2 16.g3 Qf5+ 17.Ka1 Nxh1 18.Bg2 Qf2 19.Qe4 Bf5 20.Qe2 Qxe2 21.Rxe2
Rad8 22.Re7 Rfe8 0-1

[Event "Cto. Autonómico por Equipos 2007"]
[Site "Aragón"]
[Date "2007.04.14"]
[Round "10.1"]
[White "Adla Diego Gustavo"]
[Black "Garza Marco Sergio"]
[Result "1-0"]
[WhiteElo "2470"]
[BlackElo "2380"]

1.c4 c5 2.Nf3 Nc6 3.d4 cxd4 4.Nxd4 Nf6 5.Nc3 e6 6.a3 Be7 7.e4 O-O 8.Be3 d5 9.
cxd5 exd5 10.exd5 Nxd5 11.Nxc6 bxc6 12.Nxd5 cxd5 13.Bd3 Bf6 14.O-O g6 15.Rb1
Bb7 16.Bc5 Re8 17.Qf3 Bg7 18.Rfe1 Qd7 19.b4 d4 20.Qg3 Qd5 21.Bf1 Be5 22.Qd3
Bc8 23.Rbd1 Bf5 24.Qa6 Bc2 25.Bc4 Bxh2+ 26.Kxh2 Qh5+ 27.Kg1 Bxd1 28.Be7 g5 29.
Qf6 Qg6 30.Rxd1 Rac8 31.Rxd4 Qxf6 32.Bxf6 h6 33.f4 Re3 34.fxg5 hxg5 35.Bxg5
Rxa3 36.Rf4 Rc7 37.Bf6 Kh7 38.Bb2 Rg3 39.Be5 1-0

[Event "Cto. Autonómico por Equipos 2007"]
[Site "Aragón"]
[Date "2007.04.14"]
[Round "10.2"]
[White "Fontana Sotomayour Luis Javier"]
[Black "Villuendas Valero Adrian"]
[Result "1-0"]
[WhiteElo "2320"]
[BlackElo "2224"]

1.Nc3 e5 2.Nf3 Nc6 3.d4 exd4 4.Nxd4 Nf6 5.Bg5 Bc5 6.e3 O-O 7.Nd5 Be7 8.Nxe7+
Qxe7 9.Nxc6 dxc6 10.Qd4 Rd8 11.Qf4 Rd6 12.Bd3 h6 13.Bxf6 Rxf6 14.Qe4 Qxe4 15.
Bxe4 Be6 16.O-O Bd5 17.Bd3 c5 18.e4 Bc6 19.f4 Rd6 20.e5 Rd4 21.Rf2 Rad8 22.Re1
c4 23.Bf1 Rd1 24.Rfe2 Kf8 25.c3 Ke7 26.Kf2 R1d2 27.g3 b5 28.Bh3 a5 29.Bf5 b4
30.Bc2 Bb7 31.Rxd2 Rxd2+ 32.Re2 Rd8 33.Ke3 c5 34.Rd2 Rxd2 35.Kxd2 Bc6 36.Ke3
Ke6 37.Bd1 Bd5 38.Bf3 Bxf3 39.Kxf3 Kd5 40.g4 g5 41.Ke3 bxc3 42.bxc3 gxf4+ 43.
Kxf4 Ke6 44.Ke4 f6 45.exf6 Kxf6 46.h4 1-0

[Event "Cto. Autonómico por Equipos 2007"]
[Site "Aragón"]
[Date "2007.04.14"]
[Round "10.3"]
[White "Cortes Lizano Jesus"]
[Black "Delgado Crespo Mairelys"]
[Result "1-0"]
[WhiteElo "2154"]
[BlackElo "2298"]

1.c4 e5 2.Nc3 Nc6 3.Nf3 Nf6 4.a3 d5 5.cxd5 Nxd5 6.Qc2 Be6 7.e3 Be7 8.Be2 O-O
9.b4 a6 10.Bb2 Nxc3 11.Bxc3 Bd6 12.d3 Qe7 13.Qb2 f6 14.O-O Qf7 15.a4 Ne7 16.
Rfd1 Nd5 17.Be1 Kh8 18.h3 Qg6 19.Kh1 Qh6 20.Nh2 f5 21.e4 fxe4 22.dxe4 Nf4 23.
Bg4 Qg6 24.f3 Bc4 25.g3 Ne2 26.Kg2 h5 27.Bf5 Qf6 28.Qc2 b5 29.Bc3 Nxc3 30.Qxc3
g6 31.Bd7 Rad8 32.axb5 axb5 33.Bc6 Bxb4 34.Qxb4 Qxc6 35.Qe7 Rde8 36.Qg5 Kh7
37.g4 Qf6 38.Rd7+ Kg8 39.Qxf6 Rxf6 40.Rxc7 Rf7 41.Rc6 Rd7 42.Kg3 Re6 43.Rc8+
Kg7 44.Nf1 Be2 45.gxh5 gxh5 46.Ne3 Bc4 47.Nf5+ Kf7 48.Raa8 Rg6+ 49.Kh4 Kf6 50.
Rf8+ Rf7 51.Ra6+ Be6 52.Re8 1-0

[Event "Cto. Autonómico por Equipos 2007"]
[Site "Aragón"]
[Date "2007.04.14"]
[Round "10.4"]
[White "Fandino Roquelina"]
[Black "Lafarga Bueno Daniel"]
[Result "1-0"]
[WhiteElo "2104"]
[BlackElo "1829"]

1.e4 c5 2.c3 Nf6 3.e5 Nd5 4.Nf3 e6 5.g3 d6 6.Bg2 Bd7 7.O-O Bc6 8.d3 Be7 9.Nbd2
Nb6 10.Qe2 d5 11.Re1 N8d7 12.Nf1 Qc7 13.h4 O-O-O 14.b3 Rde8 15.a4 Kb8 16.Bf4
h6 17.d4 cxd4 18.Nxd4 g5 19.hxg5 hxg5 20.Bd2 Nf8 21.c4 f6 22.Nxc6+ bxc6 23.a5
Nbd7 24.cxd5 exd5 25.exf6 Nxf6 26.Bxg5 N8d7 27.Qb2 Qd8 28.b4 Bd6 29.Rxe8 Rxe8
30.Rc1 Ne5 31.Qd4 Rg8 32.f4 Rxg5 33.fxg5 Nfg4 34.b5 Qxg5 35.Rb1 Qf5 36.Rb3 Qc2
37.Rc3 Qe2 38.bxc6 Nc4 39.Rb3+ Kc8 40.Qh8+ 1-0

[Event "Cto. Autonómico por Equipos 2007"]
[Site "Aragón"]
[Date "2007.04.14"]
[Round "10.5"]
[White "Lopez Gracia Fernando"]
[Black "Del Rey Diego"]
[Result "1-0"]
[WhiteElo "2328"]
[BlackElo "2399"]

1.e4 c5 2.Nf3 Nc6 3.d4 cxd4 4.Nxd4 Nf6 5.Nc3 e5 6.Ndb5 d6 7.Bg5 a6 8.Na3 b5 9.
Bxf6 gxf6 10.Nd5 f5 11.c3 Bg7 12.exf5 Bxf5 13.Nc2 O-O 14.Nce3 Be6 15.Bd3 f5
16.O-O Ra7 17.Bc2 e4 18.Nf4 Bc8 19.a4 Kh8 20.axb5 axb5 21.Rxa7 Nxa7 22.Ned5
Qg5 23.f3 exf3 24.Rxf3 Qd8 25.Rh3 h6 26.Ng6+ Kh7 27.Nxf8+ Qxf8 28.Qh5 Nc6 29.
Rf3 Ne5 30.Bxf5+ Kh8 31.Rf1 Bb7 32.Be4 Qc8 33.Ne7 Qd7 34.Ng6+ Kg8 35.Nxe5 dxe5
36.Bf5 Qc6 37.Qg4 Kh8 38.Rd1 Qf6 39.Qg6 Qxg6 40.Bxg6 Bf8 41.Rd8 Kg8 42.Bf7+
Kxf7 43.Rd7+ Kg6 44.Rxb7 Kg5 45.Rxb5 Kf4 46.Kf2 Kg4 47.Ke2 h5 48.Rb8 Bd6 49.
Rd8 Bc5 50.Rd7 Bb6 51.b4 Kf5 52.c4 Ke6 53.Rh7 1-0

[Event "Cto. Autonómico por Equipos 2007"]
[Site "Aragón"]
[Date "2007.04.14"]
[Round "10.6"]
[White "Fernandez Lopez Felix"]
[Black "Gomez Anadon Daniel"]
[Result "1-0"]
[WhiteElo "2315"]
[BlackElo "2280"]

1.c4 c5 2.Nf3 Nc6 3.Nc3 g6 4.g3 Bg7 5.Bg2 e5 6.O-O Nge7 7.a3 a5 8.Ne1 d6 9.Nc2
Be6 10.Ne3 O-O 11.Ned5 Rb8 12.d3 Qd7 13.Nb6 Qd8 14.Nbd5 Qd7 15.Qa4 b6 16.Bg5
f6 17.Bd2 Bh3 18.Nxe7+ Nxe7 19.Qxd7 Bxd7 20.b4 f5 21.bxc5 bxc5 22.Rab1 a4 23.
Bg5 Kf7 24.Nb5 Bxb5 25.cxb5 Nc8 26.Bd5+ Ke8 27.Bc6+ Kf7 28.Rfc1 Nb6 29.Bd2 Ke7
30.Kg2 Kd8 31.Ba5 Rf7 32.h4 h5 33.Rc2 Ra7 34.Bd2 Rf7 35.f4 Ra7 36.fxe5 Bxe5
37.Bg5+ Kc8 38.e3 Rc7 39.Rd1 {ilegible, el blanco termino ganando un final con calidad de mas}
1-0

[Event "Cto. Autonómico por Equipos 2007"]
[Site "Aragón"]
[Date "2007.04.14"]
[Round "10.7"]
[White "Campos Hernandez Antonio"]
[Black "Melendez Fierro Juan Bautista"]
[Result "0-1"]
[WhiteElo "2263"]
[BlackElo "2232"]

1.e4 e5 2.Nf3 d6 3.d4 Nd7 4.Nc3 c6 5.Be2 Be7 6.O-O Ngf6 7.h3 h6 8.a4 Qc7 9.Be3
g5 10.Nh2 Nf8 11.Ng4 Ng6 12.dxe5 dxe5 13.Nxf6+ Bxf6 14.Bg4 Nf4 15.Bxc8 Rxc8
16.Qg4 Rd8 17.Rad1 Ne6 18.Qf5 Bg7 19.Ne2 O-O 20.Rxd8 Rxd8 21.h4 gxh4 22.Qg4
Kh7 23.Qxh4 Nd4 24.Bxd4 exd4 25.Rd1 c5 26.Nf4 Re8 27.Qg4 Qe5 28.f3 Rg8 29.Nd3
Qg5 30.Qf5+ Qxf5 31.exf5 c4 32.Nf2 Rd8 33.b3 d3 34.cxd3 cxb3 35.Kf1 Rd4 36.Rb1
Rb4 37.Ke2 Bd4 38.Ne4 b2 39.Kd1 Rxa4 40.Nd6 Ra1 41.Kc2 a5 42.Nc4 Kg7 43.g4 f6
44.Nxb2 Ra2 45.Kb3 Rxb2+ 46.Rxb2 Bxb2 47.Kxb2 Kf7 48.f4 Ke7 49.Kb3 b5 50.Kc3
Kd6 51.Kb3 Kc5 52.Ka3 a4 53.Kb2 b4 54.Ka2 Kd5 55.Kb2 Kc5 56.Ka2 Kc6 57.Kb2 Kd7
58.Ka2 Kd6 59.Kb2 Kc5 60.Ka2 b3+ 61.Ka3 Kd4 62.Kb2 Kd5 63.Kc3 Kc5 64.Kb2 Kb4
65.g5 a3+ 66.Kb1 hxg5 67.fxg5 Kc3 68.gxf6 b2 69.Ka2 Kc2 0-1

[Event "Cto. Autonómico por Equipos 2007"]
[Site "Aragón"]
[Date "2007.04.14"]
[Round "10.8"]
[White "Anglada Lobarte Jose Andres"]
[Black "Moreno Gracia Daniel"]
[Result "0-1"]
[WhiteElo "2229"]
[BlackElo "2122"]

1.e4 c5 2.Nf3 d6 3.c3 Nf6 4.Bb5+ Bd7 5.Bxd7+ Qxd7 6.Qe2 Qg4 7.Qb5+ Nbd7 8.O-O
Qxe4 9.Re1 Qc6 10.Na3 a6 11.Qe2 e6 12.d4 Be7 13.Bf4 O-O 14.h3 Rfe8 15.g4 b5
16.Nc2 Bf8 17.Rad1 Rac8 18.Ne3 cxd4 19.Nxd4 Qe4 20.Bg3 Nb6 21.f3 Qb7 22.g5
Nfd5 23.Ng4 Qd7 24.f4 Nc4 25.Qh2 a5 26.Bh4 Kh8 27.Nf3 a4 28.Rd3 a3 29.bxa3
Nxa3 30.Bf2 f5 31.gxf6 Nxf6 32.Bd4 Nxg4 33.hxg4 e5 34.fxe5 Qxg4+ 35.Kf2 Qf5
36.Rd2 Nc4 37.Rde2 dxe5 38.Bxe5 Bc5+ 39.Kg2 Nxe5 40.Nxe5 Rf8 41.Qh3 Qg5+ 42.
Qg4 Qxg4+ 43.Nxg4 Bd6 44.Re3 h5 45.Nf2 Rxf2+ 46.Kxf2 Bc5 47.Kg3 Bxe3 48.Rxe3
Rc5 49.Kh4 Kh7 50.Re4 Kh6 51.Re3 g5+ 52.Kg3 h4+ 53.Kg2 Kh5 54.Rd3 Rc4 55.Kf2
Kg4 56.Kg2 Ra4 57.Rd2 h3+ 58.Kh2 Kh4 59.Rb2 g4 60.Rxb5 Rxa2+ 61.Kg1 h2+ 62.Kh1
Kh3 0-1

[Event "Cto. Autonómico por Equipos 2007"]
[Site "Aragón"]
[Date "2007.04.14"]
[Round "10.9"]
[White "Lamas Manuel"]
[Black "Llorente Zaro Alfonso"]
[Result "1/2-1/2"]
[WhiteElo "2270"]
[BlackElo "2353"]

1.e4 e5 2.Nf3 d6 3.d4 Nf6 4.Nc3 Nbd7 5.Bc4 Be7 6.O-O O-O 7.Re1 c6 8.a4 b6 9.d5
cxd5 10.Nxd5 Bb7 11.b3 Rc8 12.Re2 Nc5 13.Nxf6+ Bxf6 14.Bd5 Qd7 15.Ba3 Bxd5 16.
Qxd5 Ne6 17.Rd2 Rfd8 18.Rad1 Nd4 19.Nxd4 exd4 20.f4 Rc3 21.Bxd6 Qxd6 22.Qxd6
Rxd6 23.e5 Rdc6 24.exf6 gxf6 25.Rxd4 Rxc2 26.R1d3 R6c3 27.Rxc3 Rxc3 28.Rb4 Rc2
29.Rb5 Rb2 1/2-1/2

[Event "Cto. Autonómico por Equipos 2007"]
[Site "Aragón"]
[Date "2007.04.14"]
[Round "10.10"]
[White "Ramon Perez Jose Luis"]
[Black "Llanes Luno Ricardo"]
[Result "1-0"]
[WhiteElo "2336"]
[BlackElo "2225"]

1.e4 c5 2.Nc3 e6 3.f4 a6 4.Nf3 Nc6 5.d4 cxd4 6.Nxd4 Nxd4 7.Qxd4 Qc7 8.Be3 Nf6
9.Be2 d6 10.O-O-O Be7 11.Kb1 b5 12.Bf3 e5 13.Qb6 Qxb6 14.Bxb6 b4 15.Ne2 Bb7
16.fxe5 dxe5 17.Ng3 g6 18.Bc7 O-O 19.Bxe5 Rfd8 20.Bc7 Rxd1+ 21.Rxd1 h5 22.e5
Bxf3 23.gxf3 Ne8 24.Ba5 Rb8 25.c4 bxc3 26.Bxc3 Rb6 27.Ne4 Ng7 28.Rd7 Re6 29.f4
Nf5 30.Rb7 Kh7 31.Bb4 Kg7 32.a4 h4 33.a5 Bxb4 34.Rxb4 Rc6 35.Rb7 Rc4 36.Ng5
Kh6 37.Nxf7+ Kh5 38.h3 Rxf4 39.e6 Re4 40.Rb8 g5 41.Rg8 Re1+ 42.Ka2 Rg1 43.Ne5
Kh6 44.Rf8 Ne7 45.Rf6+ Kh5 46.Rf7 g4 47.hxg4+ 1-0

[Event "Cto. Autonómico por Equipos 2007"]
[Site "Aragón"]
[Date "2007.04.14"]
[Round "10.11"]
[White "Roche Simon Miguel Angel"]
[Black "Remiro Juste Fernando Jose"]
[Result "1/2-1/2"]
[WhiteElo "2180"]
[BlackElo "2331"]

1.e4 c5 2.Nf3 Nc6 3.d4 cxd4 4.Nxd4 g6 5.Be3 Bg7 6.Be2 Nf6 7.Nc3 O-O 8.O-O d5
9.Nxc6 bxc6 10.e5 Nd7 11.f4 e6 12.Na4 f6 13.exf6 Bxf6 14.c4 Nb6 15.cxd5 exd5
16.Bd4 Nxa4 17.Qxa4 Bd7 18.Rac1 Qe7 19.Bf3 Bxd4+ 20.Qxd4 Qf6 21.Qxf6 Rxf6 22.
g3 Rb8 23.Rf2 Kf7 24.Rc5 Rd6 25.Rd2 Kf6 26.a3 h6 27.b4 g5 28.Rd4 gxf4 29.Rxf4+
Ke7 30.Ra5 Rb7 31.Kf2 Rf6 32.Rd4 Kd6 33.Ke3 Be8 34.Ra6 Re7+ 35.Kf2 Ke5 36.Rd3
Bh5 37.Re3+ Kd6 38.b5 Rxe3 39.Rxc6+ Ke5 40.Rxf6 Rxa3 41.Rf8 Ra2+ 42.Ke1 Bxf3
43.Rxf3 Rxh2 44.Ra3 Rb2 45.Rxa7 Rxb5 46.Ra6 h5 47.Rh6 Kf5 48.Kf2 Kg5 49.Rh8
Rb2+ 50.Kf3 Rb3+ 51.Kg2 Rb2+ 52.Kh3 d4 53.Rd8 Rd2 54.Rd5+ Kg6 55.Rd6+ Kf5 56.
Rd5+ Kg6 57.Rd6+ Kf5 1/2-1/2

[Event "Cto. Autonómico por Equipos 2007"]
[Site "Aragón"]
[Date "2007.04.14"]
[Round "10.12"]
[White "Mimbela Lopez Miguel Angel"]
[Black "Llanes Luno Pedro Alfredo"]
[Result "0-1"]
[WhiteElo "2232"]
[BlackElo "2154"]

1.e4 c5 2.Nf3 d6 3.d4 cxd4 4.Nxd4 Nf6 5.Nc3 a6 6.g3 e5 7.Nde2 Be6 8.Bg2 Be7 9.
h3 O-O 10.Be3 Nbd7 11.g4 Nb6 12.Nd5 Nfxd5 13.exd5 Bd7 14.Ng3 Rc8 15.O-O Qc7
16.b3 f5 17.gxf5 Bxf5 18.Nxf5 Rxf5 19.Qg4 Rcf8 20.Be4 R5f7 21.Kh1 Nd7 22.Bd3
Nf6 23.Qe6 Nh5 24.Rg1 Kh8 25.Qg4 Nf4 26.Be4 Bd8 27.c4 Qe7 28.Rg3 h5 29.Qd1 Qh4
30.Kh2 g5 31.Bg2 g4 32.Qf1 Bg5 33.Be4 Nxh3 34.Bg2 Nxf2+ 0-1

[Event "Cto. Autonómico por Equipos 2007"]
[Site "Aragón"]
[Date "2007.04.14"]
[Round "10.13"]
[White "Ramiro Ovejero Juan Luis"]
[Black "Baron Rodriguez Jesus"]
[Result "0-1"]
[WhiteElo "2299"]
[BlackElo "2422"]

1.e4 e5 2.Nf3 Nc6 3.Bc4 Nf6 4.d3 Be7 5.a3 O-O 6.h3 d6 7.Nc3 Be6 8.Nd5 Bxd5 9.
exd5 Nb8 10.O-O Nbd7 11.Ba2 c6 12.c4 cxd5 13.cxd5 Re8 14.Re1 Bf8 15.Bd2 a5 16.
b4 axb4 17.Bxb4 Nb6 18.Qb3 Nbxd5 19.d4 e4 20.Ng5 Qd7 21.f3 exf3 22.Qxf3 h6 23.
Bxd5 Nxd5 24.Qxd5 hxg5 25.Qxg5 Rac8 26.Rac1 Rxe1+ 27.Rxe1 Rc4 28.Qd5 Rc2 29.
Qe4 Qc6 30.d5 Qc8 31.Re2 Rxe2 32.Qxe2 g6 33.Qe4 Qc7 34.Qf4 Be7 35.Qd4 Qc1+ 36.
Kf2 Qh6 37.Qe3 Bh4+ 38.Ke2 Qh5+ 39.Qf3 Qe5+ 40.Kd3 Bf6 41.Kc4 Qd4+ 42.Kb3 b5
43.Kc2 Be5 44.Bc3 Qc4 45.Kd2 Qa2+ 46.Kd1 Qxa3 0-1

[Event "Cto. Autonómico por Equipos 2007"]
[Site "Aragón"]
[Date "2007.04.14"]
[Round "10.14"]
[White "Antoli Royo Joaquin Miguel"]
[Black "Guzman Moneo Alberto"]
[Result "1-0"]
[WhiteElo "2304"]
[BlackElo "2237"]

1.e4 c5 2.Nf3 g6 3.d4 cxd4 4.Qxd4 Nf6 5.e5 Nc6 6.Qa4 Nd5 7.Qe4 Nc7 8.Bc4 b5 9.
Bb3 Bg7 10.O-O O-O 11.Re1 Bb7 12.Qh4 Ne6 13.Nc3 b4 14.Ne4 Na5 15.Bxe6 fxe6 16.
Bh6 Rf5 17.Bxg7 Kxg7 18.Rad1 Rh5 19.Qg4 Bxe4 20.Qxe4 Nc6 21.g4 Rh6 22.Ng5 Qc7
23.Rd3 Rf8 24.Rf3 Rxf3 25.Qxf3 Nd8 26.Qf4 Rh4 27.h3 h6 28.Rd1 d5 29.exd6 exd6
30.Rxd6 hxg5 31.Qd4+ e5 32.Qd5 Nf7 33.Rd7 Qxd7 34.Qxd7 Rxh3 35.Qxa7 Rf3 36.a4
bxa3 37.bxa3 Rf4 38.a4 Rxg4+ 39.Kf1 Rc4 40.a5 Rxc2 41.a6 Ra2 42.Qb7 Ra1+ 43.
Kg2 Kf6 44.a7 Nh6 45.a8=Q Rxa8 46.Qxa8 g4 47.Qh8+ Kg5 48.Qxe5+ Nf5 49.f4+
gxf3+ 50.Kxf3 Kh6 51.Kf4 Ng7 52.Kg4 Kh7 53.Kg5 1-0

[Event "Cto. Autonómico por Equipos 2007"]
[Site "Aragón"]
[Date "2007.04.14"]
[Round "10.15"]
[White "Cerrajeria Ruiz Jesus Maria"]
[Black "Lasanta Rica Cesar"]
[Result "1-0"]
[WhiteElo "2207"]
[BlackElo "2300"]

1.e4 c5 2.Nf3 e6 3.g3 Nc6 4.Bg2 g6 5.d4 cxd4 6.Nxd4 a6 7.Nxc6 bxc6 8.O-O Bg7
9.Qd6 Qe7 10.Qc7 Qd8 11.Qd6 Qe7 12.Qc7 Qd8 13.Qxd8+ Kxd8 14.Nd2 d5 15.Rd1 Kc7
16.c4 d4 17.e5 Bxe5 18.Nf3 Bd6 19.Nxd4 Ne7 20.Bd2 a5 21.Bc3 Re8 22.Nb5+ cxb5
23.Bxa8 b4 24.c5 Bxc5 25.Be5+ Kb6 26.Rac1 Nf5 27.g4 f6 28.Bxf6 Nd6 29.Rxd6+
Bxd6 30.Bd4+ Ka6 31.Rc6+ Kb5 32.b3 a4 33.Rxd6 e5 34.Bc6+ 1-0

[Event "Cto. Autonómico por Equipos 2007"]
[Site "Aragón"]
[Date "2007.04.14"]
[Round "10.16"]
[White "Glaria Murillo Christian"]
[Black "Lana Rodriguez David"]
[Result "1/2-1/2"]
[WhiteElo "2202"]
[BlackElo "2123"]

1.e4 e5 2.Nf3 Nc6 3.Bb5 Nf6 4.O-O Nxe4 5.Re1 Nd6 6.Nxe5 Be7 7.Bd3 Nxe5 8.Rxe5
O-O 9.Nc3 Bf6 10.Re1 g6 11.b3 Bd4 12.Qf3 Qg5 13.Bb2 Qh6 14.Rad1 Rb8 15.Na4
Bxb2 16.Nxb2 b5 17.Qe3 Qg7 18.Qe5 Bb7 19.Qxg7+ Kxg7 20.Re7 Bc6 21.Rde1 Rfe8
22.Rxe8 Rxe8 23.Rxe8 Nxe8 24.Nd1 Nd6 25.f3 Nb7 26.b4 Nd6 27.Nc3 Kf6 28.Kf2 a6
29.Ke3 Ke5 30.g3 f5 31.h4 Ne8 32.Be2 Ng7 33.f4+ Kd6 34.d3 Ne8 35.h5 Nf6 36.
hxg6 hxg6 37.Bd1 Bb7 38.Kd4 Ng8 39.a4 Bc6 40.axb5 axb5 41.Be2 Nf6 42.Bd1 Ne8
43.Be2 Ke6 44.Bd1 d6 45.Be2 Nf6 46.Bd1 Nd7 47.Be2 Nb8 48.Na2 Bd5 49.c4 Nc6+
50.Kc3 bxc4 51.dxc4 Be4 52.b5 Nd8 53.Nb4 Nb7 54.Na6 Kd7 55.Kd4 Nd8 56.Bd1 Ne6+
57.Ke3 Bb7 58.Ba4 Kc8 59.Nb4 Nc5 60.Bc2 Be4 61.Bxe4 Nxe4 62.g4 Kd7 63.gxf5
gxf5 64.Nc2 Ke6 65.Nd4+ Kf6 66.Nc6 Nc3 67.Nb4 Ke6 68.Kd3 Ne4 69.Nd5 Kd7 70.Kd4
Nc5 71.Ke3 Na4 72.Nf6+ Ke6 73.Ne8 Kd7 74.Ng7 c6 75.bxc6+ Kxc6 76.Kd4 Nc5 77.
Nxf5 Ne6+ 78.Ke4 Kc5 79.Ne3 Ng7 80.f5 Nh5 81.Kd3 Nf6 82.Nd1 Nd7 83.Nf2 Ne5+
84.Kc3 Nxc4 85.Ne4+ Kd5 86.Nxd6 Nxd6 87.f6 Nf7 88.Kd3 Ke5 89.Kc4 Nd6+ 90.Kc5
Ne4+ 91.Kc4 Nxf6 1/2-1/2

[Event "Cto. Autonómico por Equipos 2007"]
[Site "Aragón"]
[Date "2007.04.21"]
[Round "11.1"]
[White "Garza Marco Sergio"]
[Black "Lopez Gracia Fernando"]
[Result "1-0"]
[WhiteElo "2380"]
[BlackElo "2328"]

1.d4 Nf6 2.Nf3 e6 3.e3 b6 4.Bd3 Bb7 5.O-O d5 6.Ne5 Bd6 7.b3 O-O 8.Bb2 Nbd7 9.
c4 Bxe5 10.dxe5 Ne4 11.cxd5 exd5 12.b4 Re8 13.f3 Ng5 14.f4 Ne4 15.Nd2 f5 16.g4
Nxd2 17.Qxd2 fxg4 18.Qg2 c5 19.Qxg4 c4 20.Bc2 Rc8 21.Bd4 Rc6 22.Rf3 Rh6 23.Rg3
Qe7 24.e6 Nf6 25.Qg5 Kh8 26.f5 Rh5 27.Qf4 Rf8 28.Kh1 Ne8 29.Rag1 Rh4 30.Rxg7
Nxg7 31.Qxh4 1-0

[Event "Cto. Autonómico por Equipos 2007"]
[Site "Aragón"]
[Date "2007.04.21"]
[Round "11.2"]
[White "Gomez Anadon Daniel"]
[Black "Fontana Sotomayour Luis Javier"]
[Result "1-0"]
[WhiteElo "2280"]
[BlackElo "2320"]

1.c4 e5 2.g3 Nc6 3.Bg2 g6 4.Nc3 Bg7 5.Nf3 d6 6.O-O f5 7.d3 h6 8.Rb1 a5 9.a3
Nf6 10.b4 axb4 11.axb4 O-O 12.b5 Ne7 13.Qb3 Be6 14.Nd2 Rb8 15.Bb2 g5 16.Ra1 f4
17.Ra7 b6 18.Nde4 Nf5 19.Nxf6+ Rxf6 20.Nd5 Rf7 21.Rfa1 Kh8 22.Qd1 Rc8 23.Rb7
Ne7 24.d4 fxg3 25.hxg3 Nxd5 26.cxd5 Bf5 27.dxe5 Bxe5 28.Bxe5+ dxe5 29.d6 Rd7
30.Qd5 cxd6 31.Raa7 Rcc7 32.Rxc7 Rxc7 33.Ra8 Rc8 34.Rxc8 Qxc8 35.Qxd6 Qe6 36.
Qd8+ Kh7 37.Bd5 Qg6 38.Qc7+ Kh8 39.Qxe5+ Kh7 40.e4 Bg4 41.Kg2 h5 42.Qc7+ Qg7
43.Qxb6 {Tiempo.} 1-0